LEADER 00832cam0-22003131i-450- 001 990006547050403321 005 20130206112227.0 035 $a000654705 035 $aFED01000654705 035 $a(Aleph)000654705FED01 035 $a000654705 100 $a20010426d1992----km-y0itay50------ba 101 0 $aita 102 $aIT 105 $ay-------001yy 200 1 $aIntroduzione a Eduardo$fAnna Barsotti 210 $aBari$cLaterza$d1992 215 $a194 p.$d18 cm 225 1 $a<>scrittori$v34 610 0 $aDe Filippo, Eduardo 676 $a792.092$v21$zita 700 1$aBarsotti,$bAnna$0160577 801 0$aIT$bUNINA$gREICAT$2UNIMARC 901 $aBK 912 $a990006547050403321 952 $aCOLLEZ. 1412 (34)$b17619$fFSPBC 959 $aFSPBC 996 $aIntroduzione a Eduardo$9619056 997 $aUNINA LEADER 01214nam--2200397---450- 001 990001394900203316 005 20070919084915.0 010 $a88-7728-023-9 035 $a000139490 035 $aUSA01000139490 035 $a(ALEPH)000139490USA01 035 $a000139490 100 $a20040205h2004----km-y0itay50------ba 101 0 $aita 102 $aIT 105 $aa|||||||001yy 200 1 $aAmata, amata università$elibero pamphlet in libero stato$fFrancesco Gurrieri 210 $aAcireale [etc.]$cA&B$dcopyr. 2004 215 $a47 p.$cill.$d21 cm 225 2 $aEliconea$v23 410 0$12001$aEliconea 606 0 $aUniversità$xPersonale$xReclutamento$xUmorismo 676 $a378.120945 700 1$aGURRIERI,$bFrancesco$033852 801 0$aIT$bsalbc$gISBD 912 $a990001394900203316 951 $aLP 126$b201573 L.M.$cLP$d00063237 951 $aLP 126a$b201574 L.M.$cLP$d00063238 959 $aBK 969 $aUMA 979 $aSIAV3$b10$c20040205$lUSA01$h1055 979 $aPATRY$b90$c20040406$lUSA01$h1738 979 $aANNAMARIA$b90$c20070918$lUSA01$h1734 979 $aANNAMARIA$b90$c20070919$lUSA01$h0849 996 $aAmata, amata università$9932879 997 $aUNISA LEADER 01656nam0 22003611i 450 001 UON00314104 005 20231205104109.488 010 $a978-38-683-5002-9$bv. 346 100 $a20080721d2008 |0itac50 ba 101 $ager 102 $aDE 105 $a|||| 1|||| 200 1 $aNur ili$eDie Sonnengottheiten in den nordwestsemitischen Religionen von der Spatbronzezeit bis zur vorromischen Zeit$fJuliane Kutter 210 $aMunster$cUgarit-Verlag$d2008 215 $a523 p., 12 c. di tav.$d25 cm 311 $aVOA SERIE 001$9UON00000604 410 0$1001UON00000604$12001 $aAlter Orient und Altes Testament$eVeroffentlichungen zur Kultur und Geschichte des Alten Orients und des Alten Testaments$fHrsg. Manfried Dietrech, Oswald Loretz$v346 VOA SERIE 001 606 $aFILOLOGIA SEMITICA$3UONC002429$2FI 606 $aLINGUE SEMITICHE$3UONC002959$2FI 606 $aRELIGIONE$xUGARIT$3UONC008614$2FI 620 $aDE$dMünster$3UONL001022 686 $aVOA SERIE$cVICINO ORIENTE ANTICO - COLLANE$2A 700 1$aKUTTER$bJuliane$3UONV179568$0697690 712 $aUgarit-Verlag$3UONV251297$4650 801 $aIT$bSOL$c20240220$gRICA 899 $aSIBA - SISTEMA BIBLIOTECARIO DI ATENEO$2UONSI 912 $aUON00314104 950 $aSIBA - SISTEMA BIBLIOTECARIO DI ATENEO$dSI VOA SERIE 001 (346) $eSI SA 124704 7 (346) 966 $aLINGUA EBRAICA$yLINGUE SEMITICHE$3UONC002285 966 $aLINGUA GE'EZ - Dizionari amarici$yLINGUE SEMITICHE$3UONC018279 966 $aLINGUA HARARI$yLINGUE SEMITICHE$3UONC020007 996 $aNur ili$91375783 997 $aUNIOR